Essentials of Public Health Dentistry (Record no. 22799)
[ view plain ]
| 000 -LEADER | |
|---|---|
| fixed length control field | 00483nam a22001697a 4500 |
| 003 - CONTROL NUMBER IDENTIFIER | |
| control field | SGT |
| 020 ## - INTERNATIONAL STANDARD BOOK NUMBER | |
| International Standard Book Number | 9788186809990 |
| 082 ## - DEWEY DECIMAL CLASSIFICATION NUMBER | |
| Classification number | 617.601 |
| Item number | E22P |
| 100 ## - MAIN ENTRY--PERSONAL NAME | |
| Personal name | Peter, Soben |
| 245 ## - TITLE STATEMENT | |
| Title | Essentials of Public Health Dentistry |
| Remainder of title | Community Dentistry |
| 250 ## - EDITION STATEMENT | |
| Edition statement | 7th |
| 260 ## - PUBLICATION, DISTRIBUTION, ETC. (IMPRINT) | |
| Place of publication, distribution, etc | Delhi, India |
| Name of publisher, distributor, etc | Arya Medi Publishing |
| Year of Publication | 2022 |
| 300 ## - PAGE DESCRIPTION | |
| No. of Pages | 796 |
| 650 ## - SUBJECT ADDED ENTRY--TOPICAL TERM | |
| Topical term or geographic name as entry element | Public Health Dentistry; Community Dentistry |
| 653 ## - KEYWORDS--INDEX TERM | |
| Keyword term | Public Health Dentistry; Community Dentistry |
| 942 ## - ADDED ENTRY ELEMENTS (KOHA) | |
| Source of classification or shelving scheme | Dewey Decimal Classification |
| Koha item type | Books |
| 942 ## - ADDED ENTRY ELEMENTS (KOHA) | |
| -- | 289 |
| Withdrawn status | Lost status | Source of classification or shelving scheme | Damaged status | Not for loan | Home library | Current library | Date acquired | Vendor Name | Cost, normal purchase price | SGTU | Bill Number | Total Checkouts | Full call number | Accession No. (Barcode) | Date last seen | Date last borrowed | Bill Date | Koha item type |
|---|---|---|---|---|---|---|---|---|---|---|---|---|---|---|---|---|---|---|
| Dewey Decimal Classification | SGT Dental Library | SGT Dental Library | 10/06/2022 | Ahuja Book Co. Pvt. Ltd. | 1095.00 | SGTU | 14353 | 86 | 617.601 E22P | FD8826 | 28/10/2025 | 28/10/2025 | 16/04/2022 | Books | ||||
| Dewey Decimal Classification | SGT Dental Library | SGT Dental Library | 10/06/2022 | Ahuja Book Co. Pvt. Ltd. | 1095.00 | SGTU | 14353 | 84 | 617.601 E22P | FD8827 | 03/06/2026 | 19/05/2026 | 16/04/2022 | Books | ||||
| Dewey Decimal Classification | SGT Dental Library | SGT Dental Library | 10/06/2022 | Ahuja Book Co. Pvt. Ltd. | 1095.00 | SGTU | 14353 | 75 | 617.601 E22P | FD8828 | 22/05/2026 | 09/04/2026 | 16/04/2022 | Books | ||||
| Dewey Decimal Classification | SGT Dental Library | SGT Dental Library | 10/06/2022 | Ahuja Book Co. Pvt. Ltd. | 1095.00 | SGTU | 14353 | 112 | 617.601 E22P | FD8829 | 03/06/2026 | 02/06/2026 | 16/04/2022 | Books | ||||
| Dewey Decimal Classification | SGT Dental Library | SGT Dental Library | 10/06/2022 | Ahuja Book Co. Pvt. Ltd. | 1095.00 | SGTU | 14353 | 93 | 617.601 E22P | FD8830 | 03/06/2026 | 27/05/2026 | 16/04/2022 | Books |